| 000 | 00702cam a2200157ua 4500 | ||
|---|---|---|---|
| 041 |
_aeng _h |
||
| 082 |
_a666.972 _bIND/GU |
||
| 110 | 1 |
_aIndian Standards Institution . _b _c() |
|
| 245 |
_aGlossary of terms relating to cement concrete, IS6461(Part V)-1972 / _cIndian Standards Institution. _hTextual Documents |
||
| 250 |
_a1 / _b. |
||
| 260 |
_aNew Delhi : _bIndian Standards Institution , _c1972. |
||
| 300 | _a27 ; . | ||
| 504 | _a | ||
| 942 | _cBK | ||
| 999 |
_c7973 _d7973 |
||